MARC details
| 000 -LEADER |
| fixed length control field |
03017cam a2200553Ii 4500 |
| 001 - CONTROL NUMBER |
| control field |
854029 |
| 003 - CONTROL NUMBER IDENTIFIER |
| control field |
OSt |
| 005 - DATE AND TIME OF LATEST TRANSACTION |
| control field |
20251205040116.0 |
| 008 - FIXED-LENGTH DATA ELEMENTS--GENERAL INFORMATION |
| fixed length control field |
160229t20162016nyuab e 000 1 eng |
| 010 ## - LIBRARY OF CONGRESS CONTROL NUMBER |
| LC control number |
2016006512 |
| 020 ## - INTERNATIONAL STANDARD BOOK NUMBER |
| International Standard Book Number |
9780399173516 |
| Qualifying information |
(hardcover) |
| 020 ## - INTERNATIONAL STANDARD BOOK NUMBER |
| International Standard Book Number |
039917351X |
| Qualifying information |
(hardcover) |
| 020 ## - INTERNATIONAL STANDARD BOOK NUMBER |
| International Standard Book Number |
9780399173516 ; |
| Terms of availability |
27.00 |
| 035 ## - SYSTEM CONTROL NUMBER |
| System control number |
778885 |
| 035 ## - SYSTEM CONTROL NUMBER |
| System control number |
(OCoLC)913135939 |
| Canceled/invalid control number |
(OCoLC)930777014 |
| 035 ## - SYSTEM CONTROL NUMBER |
| System control number |
(OCoLC)ocn913135939 |
| 035 ## - SYSTEM CONTROL NUMBER |
| System control number |
777367 |
| 035 ## - SYSTEM CONTROL NUMBER |
| System control number |
778885 |
| 035 ## - SYSTEM CONTROL NUMBER |
| System control number |
778885 |
| 040 ## - CATALOGING SOURCE |
| Original cataloging agency |
DLC |
| Language of cataloging |
eng |
| Description conventions |
rda |
| Transcribing agency |
DLC |
| Modifying agency |
YDXCP |
| -- |
BTCTA |
| -- |
BDX |
| -- |
TOH |
| -- |
FN4 |
| -- |
OCLCF |
| -- |
FLWMD |
| -- |
OCLCO |
| -- |
QX9 |
| -- |
OCLCO |
| -- |
IH7 |
| -- |
OCO |
| -- |
OCLCO |
| -- |
JQM |
| -- |
RB0 |
| -- |
ZGV |
| -- |
JP3 |
| -- |
IFA |
| 042 ## - AUTHENTICATION CODE |
| Authentication code |
pcc |
| 043 ## - GEOGRAPHIC AREA CODE |
| Geographic area code |
n-us-fl |
| 049 ## - LOCAL HOLDINGS (OCLC) |
| Holding library |
IFAA |
| 099 ## - LOCAL FREE-TEXT CALL NUMBER (OCLC) |
| Filing suffix |
2016 |
| 999 ## - SYSTEM CONTROL NUMBERS (KOHA) |
| Koha Dewey Subclass [OBSOLETE] |
FICTION WHITE 2016 |
| 100 1# - MAIN ENTRY--PERSONAL NAME |
| Personal name |
White, Randy Wayne, |
| Relator term |
author. |
| 245 10 - TITLE STATEMENT |
| Title |
Deep blue / |
| Statement of responsibility, etc. |
Randy Wayne White. |
| 264 #1 - PRODUCTION, PUBLICATION, DISTRIBUTION, MANUFACTURE, AND COPYRIGHT NOTICE |
| Place of production, publication, distribution, manufacture |
New York : |
| Name of producer, publisher, distributor, manufacturer |
G.P. Putnam's Sons, |
| Date of production, publication, distribution, manufacture, or copyright notice |
[2016] |
| 264 #4 - PRODUCTION, PUBLICATION, DISTRIBUTION, MANUFACTURE, AND COPYRIGHT NOTICE |
| Date of production, publication, distribution, manufacture, or copyright notice |
♭2016 |
| 300 ## - PHYSICAL DESCRIPTION |
| Extent |
xvi, 316 pages : |
| Other physical details |
illustration, map ; |
| Dimensions |
24 cm. |
| 336 ## - CONTENT TYPE |
| Content type term |
text |
| Content type code |
txt |
| Source |
rdacontent |
| 337 ## - MEDIA TYPE |
| Media type term |
unmediated |
| Media type code |
n |
| Source |
rdamedia |
| 338 ## - CARRIER TYPE |
| Carrier type term |
volume |
| Carrier type code |
nc |
| Source |
rdacarrier |
| 490 1# - SERIES STATEMENT |
| Series statement |
Doc Ford series |
| 500 ## - GENERAL NOTE |
| General note |
Map on endpapers. |
| 520 ## - SUMMARY, ETC. |
| Summary, etc. |
"Doc Ford has long lived a double life. This time, it may finally have caught up to him. The electrifying new thriller from the New York Times-bestselling author. "I'll make an example of someone close to you." On a moonless night on Sanibel Island, Florida, marine biologist Marion "Doc" Ford carefully watches a video of a hooded man executing three hostages. The man is an American working with ISIS, and in the next few days, it'll be Ford's job, as part of his shadowy second life, to make sure he never kills anybody else again. But a lot can go wrong in a few days, and Ford has no way of knowing that not only will the operation prove to be a lot more complicated than he has anticipated, but that he'll end up bringing those complications back with him to the small community of boaters, guides, lovers, and friends in Dinkin's Bay, where he's long made his home. Someone has taken Ford's actions very personally, and now no one there is safe - least of all, Ford himself. "White continues to provide thinking readers with action-packed thrillers that are also thoughtful and informative," writes Bookreporter.com. "By the end, you won't be able to read fast enough." Better get started now"-- |
| Assigning source |
Provided by publisher. |
| 650 #0 - SUBJECT ADDED ENTRY--TOPICAL TERM |
| Topical term or geographic name as entry element |
Ford, Doc (Fictitious character) |
| Form subdivision |
Fiction. |
| 650 #0 - SUBJECT ADDED ENTRY--TOPICAL TERM |
| Topical term or geographic name as entry element |
Marine biologists |
| Form subdivision |
Fiction. |
| 650 #0 - SUBJECT ADDED ENTRY--TOPICAL TERM |
| Topical term or geographic name as entry element |
Terrorists |
| Form subdivision |
Fiction. |
| 651 #0 - SUBJECT ADDED ENTRY--GEOGRAPHIC NAME |
| Geographic name |
Florida |
| Form subdivision |
Fiction. |
| 655 #7 - INDEX TERM--GENRE/FORM |
| Genre/form data or focus term |
Detective and mystery fiction. |
| Source of term |
lcgft |
| 655 #7 - INDEX TERM--GENRE/FORM |
| Genre/form data or focus term |
Thrillers (Fiction) |
| Source of term |
lcgft |
| 800 1# - SERIES ADDED ENTRY--PERSONAL NAME |
| Personal name |
White, Randy Wayne. |
| Title of a work |
Doc Ford series. |
| 830 #0 - SERIES ADDED ENTRY--UNIFORM TITLE |
| Uniform title |
Doc Ford series. |
| 902 ## - LOCAL DATA ELEMENT B, LDB (RLIN) |
| a |
MARCIVE |
| 942 ## - ADDED ENTRY ELEMENTS (KOHA) |
| Source of classification or shelving scheme |
Dewey Decimal Classification |
| Koha item type |
Libro/Book |